02501naa a2200181 a 450000100080000000500110000800800410001910000160006024501250007626000090020152019070021065000170211765000170213465000180215165000190216970000170218877301140220511358492025-10-01 2025 bl uuuu u00u1 u #d1 aMETZLER, Y. aAn??lise do comportamento das exporta????es catarinenses de carne su??na no per??odo 2003 a 2023.h[electronic resource] c2025 aO agroneg??cio brasileiro se consolidou como um dos pilares da economia brasileira, com destaque no cen??rio mundial, colocando o pa??s como um dos maiores exportadores agr??colas do mundo. Dentro deste contexto, o estado de Santa Catarina desempenha um papel de importante contribui????o, visto que 64,72% de suas exporta????es est??o ligadas ao agroneg??cio, nas quais predomina a exporta????o de carne su??na. Diante da relev??ncia das exporta????es desta atividade para a economia catarinense e nacional, este estudo busca analisar o comportamento destas exporta????es ao longo dos ??ltimos 20 anos. Para tanto, a abordagem do artigo parte da teoria cl??ssica das vantagens comparativas de David Ricardo e na teoria de dota????es de fatores de Heckscher-Ohlin e utiliza a decomposi????o da s??rie hist??rica em tend??ncia, sazonalidade e quebras estruturais como estrat??gia emp??rica. O estudo identificou uma quebra estrutural em 2016, que marcou uma mudan??a relevante na tend??ncia das exporta????es. Deste ponto em diante, observou-se um acelerado crescimento, contrastando com o per??odo anterior, caracterizado por maior estabilidade. Onde embora apresentasse tend??ncia mais est??vel, era afetada por flutua????es causadas por maior demanda de alguns pa??ses e redu????es ligadas a quest??es sanit??rias e econ??micas. A an??lise de sazonalidade mostrou um comportamento de crescimento at?? agosto, quando atinge o ??pice, seguido de uma redu????o gradual, refletindo a demanda dos principais pa??ses importadores. Fatores econ??micos, varia????es sazonais de demanda ao longo do ano e condi????es sanit??rias s??o identificados como as principais influ??ncias sobre o volume de exporta????es. Al??m disso, o estudo evidenciou a forte depend??ncia do setor em rela????o a determinados mercados, o que pode representar tanto uma vantagem como um risco, dependendo das condi????es de mercado. aagroneg??cio aCarne su??na aexporta????es aSanta Catarina1 aGIEHL, A. L. tIn: ENCONTRO DE ECONOMIA CATARINENSE, 17., 2025, Crici??ma, SC. Anais [...]. Crici??ma, SC: APEC, 2025. p. -.